ბათუმის შოთა რუსთაველის სახელმწიფო უნივერსიტეტის ბიბლიოთეკა

აჭარის ზღვისპირეთში გავრცელებულ გვარ - Magnolia - ს ინტროდუქციის შედეგები : დისერტაცია / (ბიბ.ჩანაწერი № 51685)

000 -ლიდერი
ფიქსირებული სიგრძის საკონტროლო ველი 01513nam a2200241Ia 4500
001 - საკონტროლო ნომერი
საკონტროლო ველი 18676
003 - საკონტროლო ნომრის იდენტიფიკატორი
საკონტროლო ველი GE_BSU
005 - ბოლო ოპერაციის თარიღი და დრო
საკონტროლო ველი 20220920163934.0
008 - ფიქსირებული სიგრძის მონაცემთა ელემენტები - ზოგადი ინფორმაცია
ფიქსირებული სიგრძის საკონტროლო ველი 181216s2008||||ge |||||||||||||| ||geo||
040 ## - კატალოგიზაციის წყარო
Transcribing agency GE_BSU
041 ## - ენის კოდი
Language code of text/sound track or separate title geo
080 ## - უნივერსალური ათობითი კლასიფიკაციის ინდექსი
Universal Decimal Classification number 57 ჩ-16
100 ## - მთავარი ჩანაწერი - პიროვნების სახელი
Personal name ჩაიძე, ფერიდე
9 (RLIN) 10511
245 ## - ცნობა სათაურის შესახებ
Title აჭარის ზღვისპირეთში გავრცელებულ გვარ - Magnolia - ს ინტროდუქციის შედეგები : დისერტაცია /
Statement of responsibility, etc ფერიდე ჩაიძე; სამეცნ. ხელმძღვ. პაპუნიძე ვ. ; ბათუმის შოთა რუსთაველის სახ-ფო უნ-ტი.
264 ## - წარმოების, გამოცემის, დისტრიბუციის და სხვა ცნობები
გამოცემის, წარმოების, დისტრიბუციის... ადგილი ბათუმი :
გამოცემის, წარმოების, დისტრიბუციის... სახელწოდება ბათუმის შოთა რუსთაველის სახ. უნ-ტი,
გამოცემის, წარმოების, დისტრიბუციის... თარიღი 2008.
300 ## - ფიზიკური აღწერა
Extent 193 გვ. ;
Other physical details 30 სმ.
653 ## - INDEX TERM--UNCONTROLLED
Uncontrolled term აჭარის ზღვისპირეთში გავრცელებულ გვირ-Magnolia -ს ინტროდუქციის შედეგები
653 ## - INDEX TERM--UNCONTROLLED
Uncontrolled term ბიოლოგია
653 ## - INDEX TERM--UNCONTROLLED
Uncontrolled term დისერტაცია
700 ## - ADDED ENTRY--PERSONAL NAME
Personal name პაპუნიძე, ვ.
Relator term სამეცნიერო ხელმძღვანელი
9 (RLIN) 2537
710 ## - ADDED ENTRY--CORPORATE NAME
Corporate name or jurisdiction name as entry element ბათუმის შოთა რუსთაველის სახელმწიფო უნივერსიტეტი
9 (RLIN) 10512
942 ## - ADDED ENTRY ELEMENTS (KOHA)
Koha item type წიგნი
Source of classification or shelving scheme
ეგზემპლარები
ჩამოწერის სტატუსი დაკარგული ეგზემპლარის სტატუსი კლასიფიკაციის წყარო ან თაროზე გაწყობის სქემა დაზიანების სტატუსი არ გაიცემა მუდმივი მდებარეობა (დაცვის ადგილი) ამჟამინდელი ადგილსამყოფელი თაროზე განთავსების ადგილი შეძენის თარიღი სრული შენახვის შიფრი შტრიხკოდი ბოლო ოპერაციის თარიღი ეგზემპლარის მიმდევრობითი ნომერი (კეტერი?) ფასის ძალაში შესვლის თარიღი ეგზემპლარის სახეობა
          ბათუმის შოთა რუსთაველის სახელმწიფო უნივერსიტეტის მთავარი ბიბლიოთეკა ბათუმის შოთა რუსთაველის სახელმწიფო უნივერსიტეტის მთავარი ბიბლიოთეკა წიგნსაცავი 2018-12-17 57 ჩ-16 17 დისერტ. 2018-12-17 17 2018-12-17 დისერტაცია